000 00218nam a2200085Ia 4500
008 120527s9999 xx 000 0 und d
100 _aJohnson & Roberts
245 _aText bank to accompany money and banking
942 _cBK
999 _c27268
_d27268